Tabla Periódica - Estadísticas

Estadísticas generales
  • Esta prueba ha sido intentada 262 veces
  • La puntuación promedio es 64 de 118
Estadísticas de respuestas
% Correcto
H
99%
N
92%
O
91%
C
90%
F
90%
I
90%
B
89%
S
89%
K
87%
Li
87%
P
86%
He
85%
Na
85%
Be
82%
Mg
80%
Ca
79%
Ar
77%
Au
77%
Ne
76%
Fr
75%
Ag
74%
Co
74%
V
74%
Al
72%
Ba
72%
Br
72%
Cu
72%
Fe
72%
Ra
72%
Mn
71%
Ni
70%
Xe
70%
Y
70%
As
68%
Cl
68%
Si
68%
Cs
67%
Kr
67%
Te
67%
W
67%
Ga
66%
Ge
66%
Se
66%
Ti
66%
U
66%
Zn
66%
Sr
65%
Cr
63%
Rb
63%
Po
62%
Hg
61%
Sb
60%
Rn
59%
Sn
59%
At
58%
Bi
58%
Pb
58%
Ta
58%
Mo
56%
Sc
56%
Pt
55%
Tl
55%
La
54%
In
52%
Ru
52%
Rh
51%
Cd
50%
Ac
48%
Pd
48%
Pu
47%
Ce
46%
Pa
45%
Am
44%
Os
44%
Es
43%
Nb
42%
Re
42%
Zr
42%
Hf
41%
Ir
40%
Tc
40%
Lu
38%
Og
38%
No
36%
Pr
36%
Fl
35%
Md
35%
Cf
34%
Eu
34%
Cm
32%
Er
32%
Sm
32%
Th
32%
Ho
31%
Hs
31%
Np
31%
Bh
30%
Cn
30%
Db
30%
Mt
30%
Pm
30%
Rf
30%
Sg
30%
Tb
30%
Tm
30%
Lr
29%
Fm
28%
Mc
28%
Nd
28%
Ts
28%
Gd
27%
Lv
27%
Rg
27%
Dy
26%
Bk
25%
Ds
25%
Nh
23%
Yb
22%
No se encontraron pruebas coincidentes
Distribución de puntuación
Porcentaje de gente con cada puntuación
Porcentaje por número respondido
Historial de tus puntuaciones
No has intentado esta prueba.